Dog finds lost dolphins : (Record no. 834)

MARC details
000 -LEADER
fixed length control field 01195cam a22003137a 4500
005 - DATE AND TIME OF LATEST TRANSACTION
control field 20231124090725.0
020 ## - INTERNATIONAL STANDARD BOOK NUMBER
International Standard Book Number 9780545490139
040 ## - CATALOGING SOURCE
Original cataloging agency BTCTA
Language of cataloging eng
Transcribing agency BTCTA
Modifying agency OCP
-- OCLCQ
-- CO2
-- IHI
-- KAA
-- YDXCP
-- BDX
-- DLC
050 00 - LIBRARY OF CONGRESS CALL NUMBER
Classification number SF172
Item number C37 2012
082 04 - DEWEY DECIMAL CLASSIFICATION NUMBER
Classification number 636.0886
Edition number 23
100 1# - MAIN ENTRY--PERSONAL NAME
Personal name Carney, Elizabeth,
Dates associated with a name 1981-
245 10 - TITLE STATEMENT
Title Dog finds lost dolphins :
Remainder of title and more true stories of amazing animal heroes /
Statement of responsibility, etc. by Elizabeth Carney.
250 ## - EDITION STATEMENT
Edition statement First Scholastic printing , September 2012
260 ## - PUBLICATION, DISTRIBUTION, ETC.
Name of publisher, distributor, etc. Scholastic
Date of publication, distribution, etc. 2012
300 ## - PHYSICAL DESCRIPTION
Extent 111 pages :
Other physical details color illustrations. ;
Dimensions 20 cm
490 1# - SERIES STATEMENT
Series statement National Geographic kids chapters
500 ## - GENERAL NOTE
General note Includes index.
505 0# - FORMATTED CONTENTS NOTE
Formatted contents note P <br/>
520 ## - SUMMARY, ETC.
Summary, etc. Presents the stories of three animal workers, a dog that helps stranded dolphins, a monkey that aids a paralyzed man, and a rat that sniffs out land mines--
Assigning source Source other than Library of Congress.
521 ## - TARGET AUDIENCE NOTE
Target audience note 640 <br/>
Source Lexile <br/>
521 ## - TARGET AUDIENCE NOTE
Target audience note P <br/>
Source raz-Plus <br/>
650 #0 - SUBJECT ADDED ENTRY--TOPICAL TERM
Topical term or geographic name entry element Working animals
Form subdivision Non-fiction.
650 #0 - SUBJECT ADDED ENTRY--TOPICAL TERM
Topical term or geographic name entry element Dogs
Form subdivision Non-fiction.
650 #0 - SUBJECT ADDED ENTRY--TOPICAL TERM
Topical term or geographic name entry element Monkeys
Form subdivision Non-fiction.
650 #0 - SUBJECT ADDED ENTRY--TOPICAL TERM
Topical term or geographic name entry element Rats
Form subdivision Non-fiction.
906 ## - LOCAL DATA ELEMENT F, LDF (RLIN)
a 7
b cbc
c copycat
d 3
e ncip
f 20
g y-gencatlg
942 ## - ADDED ENTRY ELEMENTS (KOHA)
Source of classification or shelving scheme Dewey Decimal Classification
Koha item type Books
Suppress in OPAC No
999 ## -
-- 834
-- 834
Holdings
Withdrawn status Lost status Source of classification or shelving scheme Damaged status Not for loan Collection Home library Current library Shelving location Date acquired Total Checkouts Full call number Barcode Date last seen Date last checked out Price effective from Koha item type
    Dewey Decimal Classification     Non-Fiction Footprints International School Library Network Toul Kork Campus Footprints International School Library Network Toul Kork Campus   07/11/2023 2 CAR 636.0886 SF172.C37 FISBK02384 02/27/2024 02/20/2024 07/11/2023 Books